Szczegóły MARC21

Ekonomia. [T. 1, Mikroekonomia] /

003 -Nazwa inst., której nr kontr. jest w polu 001 [,]
    • @
    • Nazwa instytucji, której n kontrolny jest w polu 001
    • NUKAT
005 -DATA I CZAS OSTATNIEJ MODYFIKACJI [,]
    • @
    • pole kontrolne
    • 20250623150122.0
020 -Międzynarod. znormalizowany nr książki - ISBN [ , ]
    • a
    • Numer ISBN
    • 8320809231 Find
    • q
    • Dopowiedzenie
    • t. 1
020 -Międzynarod. znormalizowany nr książki - ISBN [ , ]
    • a
    • Numer ISBN
    • 8320808782 Find
    • q
    • Dopowiedzenie
    • t. 2
040 -Instytucja sporządzająca opis [ , ]
    • a
    • Instytucja, która sporządziła opis (NP)
    • TOR U/AP
    • c
    • Instytucja, która sporządziła rekord (NP)
    • TOR U/AP
    • d
    • Instytucja, która zmodyfikowała rekord (P)
    • TOR U/AP
    • d
    • Instytucja, która zmodyfikowała rekord (P)
    • TOR U/IFs
    • d
    • Instytucja, która zmodyfikowała rekord (P)
    • KR 7/TS
041 -Język dokumentu [1, ]
    • a
    • Język tekstu (P)
    • polski
    • h
    • Język tekstu oryginalnego i/lub pośredniego (P)
    • angielski
942 -Rodzaj dokumentu [ , ]
    • c
    • Rodzaj dokumentu
    • Książka
100 -Hasło główne - nazwa osobowa [1, ]
    • a
    • Nazwa osobowa (NP)
    • Begg, David K. H.
    • 9
    • KHW
    • 832
240 -Tytuł ujednolicony [1,0]
    • a
    • Tytuł ujednolicony
    • Economics
    • l
    • Język tekstu
    • (pol.)
    • 9
    • KHW
    • 849
245 -Strefa tytułu i oznaczenia odpowiedzialności [1,0]
    • a
    • Tytuł
    • Ekonomia. Find
    • n
    • Oznaczenie części (P)
    • [T. 1,
    • p
    • Nazwa części (P)
    • Mikroekonomia] /
    • c
    • Pozostałe elementy strefy tytułu i oznaczenia odpowiedzialności (NP)
    • David Begg [oraz] Stanley Fischer, Rudiger Dornbusch ; [red. nauk.: Bogusław Czarny, Zbigniew Matkowski, Ryszard Rapacki ; tł.: Bogusław Czarny et al.].
246 -Wariant tytułu [3, ]
    • a
    • Tytuł (NP)
    • Mikroekonomia
260 -Strefa adresu wydawniczego [ , ]
    • a
    • Miejsce wydania (P)
    • Warszawa :
    • b
    • Nazwa wydawcy (P)
    • Państwowe Wydaw. Ekonomiczne,
    • c
    • Data wydania (P)
    • 1995.
300 -Strefa opisu fizycznego [ , ]
    • a
    • Określenie formy książki i/lub objętość (NP)
    • 576 s. :
    • b
    • Oznaczenie ilustracji (NP)
    • il. ;
    • c
    • Format (NP)
    • 24 cm.
336 -Typ zawartości [ , ]
    • a
    • Termin opisujący typ zawartości
    • Tekst
    • b
    • Kod określający zawartość
    • txt
    • 2
    • Źródło (terminu i kodu)
    • rdacontent
337 -Typ mediów [ , ]
    • a
    • Tryb odtwarzania
    • Bez urządzenia pośredniczącego
    • b
    • Kod typu mediów
    • n
    • 2
    • Źródło (terminu i kodu)
    • rdamedia
338 -Typ/rodzaj nośnika [ , ]
    • a
    • Hasło opisujące typ nośnika
    • Wolumin
    • b
    • Kod typu nośnika
    • nc
    • 2
    • Źródło (terminu i kodu)
    • rdacarrier
500 -Uwaga ogólna [ , ]
    • a
    • Uwaga ogólna (NP)
    • Podręcznik ekonomii.
504 -Uwaga dot. bibliogr. załącznikowej [ , ]
    • a
    • Uwaga dot. bibliografii załącznikowej
    • Indeks.
080 -Uniwersalna Klasyfikacja Dziesiętna [ , ]
    • a
    • Symbol klasyfikacji
    • 33(075.8)
650 -Hasło przedmiotowe [ ,7]
    • a
    • Hasło przedmiotowe
    • Mikroekonomia
    • v
    • Określnik formalny
    • podręczniki akademickie.
    • 2
    • Źródło terminu
    • kaba
    • 9
    • KHW
    • 352804
980 -Symbol UKD [ , ]
    • a
    • UKD
    • 33(075.8)
700 -Hasło dodatkowe - nazwa osobowa [1, ]
    • a
    • Nazwa osobowa (NP)
    • Fischer, Stanley Find
    • d
    • Daty biograficzne (NP)
    • (1943-2025).
    • 9
    • KHW
    • 834
700 -Hasło dodatkowe - nazwa osobowa [1, ]
    • a
    • Nazwa osobowa (NP)
    • Dornbusch, Rudiger Find
    • d
    • Daty biograficzne (NP)
    • (1942-2002).
    • 9
    • KHW
    • 836
700 -Hasło dodatkowe - nazwa osobowa [1, ]
    • a
    • Nazwa osobowa (NP)
    • Czarny, Bogusław Find
    • d
    • Daty biograficzne (NP)
    • (1957- ).
    • e
    • Określenie rodzaju współpracy
    • Red.
    • 9
    • KHW
    • 843
700 -Hasło dodatkowe - nazwa osobowa [1, ]
    • a
    • Nazwa osobowa (NP)
    • Matkowski, Zbigniew. Find
    • e
    • Określenie rodzaju współpracy
    • Red.
    • 9
    • KHW
    • 15178
700 -Hasło dodatkowe - nazwa osobowa [1, ]
    • a
    • Nazwa osobowa (NP)
    • Rapacki, Ryszard. Find
    • e
    • Określenie rodzaju współpracy
    • Red.
    • 9
    • KHW
    • 838
710 -Hasło dodatkowe - nazwa ciała zbiorowego [2, ]
    • a
    • Nazwa ciała zbiorowego lub nazwa geograficzna jako pierwszy element (NP)
    • Państwowe Wydawnictwo Ekonomiczne.
    • 4
    • Kod relacji
    • pbl
    • 9
    • KHW
    • 56286
920 -ISBN [ , ]
    • a
    • ISBN
    • 83-208-0923-1 Find
    • q
    • Dopowiedzenie
    • t. 1
920 -ISBN [ , ]
    • a
    • ISBN
    • 83-208-0878-2 Find
    • q
    • Dopowiedzenie
    • t. 2
Numer inwentarzowy Status udost. Data inwentaryzacji Lokalizacja
E.63408-21996-01-17BE